Džarkutan Nekropole 4A

Saved in:

Main Author: Boriboi Abdullaev

Format: Book

Language: Undetermined

Online Access: Login to view Source

Tags: Add Tag

No Tags, Be the first to tag this record!

Call Number:

LEADER 00425nmm a2200133Ia 4500
008 240716s9999||||xx |||||||||||||||||und||
020 |a 9781803277677 
020 |a 9781803277684 
100 |a Boriboi Abdullaev 
245 1 0 |a Džarkutan Nekropole 4A  |c Boriboi Abdullaev 
264 |b Archaeopress Archaeology  |c 2-مايو-24 
856 4 0 |u http://library.arce.org:8087/Archaeopress/Products/9781803277677 
942 |2 lcc  |c EBOOK 
999 |c 58933  |d 58933